书目信息 |
| 题名: |
电子技术基础
|
|
| 作者: | 康华光 主编 ;华中科技大学电子技术课程组 编 | |
| 分册: | 模拟部分 | |
| 出版信息: | 北京 高等教育出版社 2013.12 |
|
| 页数: | 576页 | |
| 开本: | 26cm | |
| 丛书名: | ||
| 单 册: | ||
| 中图分类: | TN , TN710.4 | |
| 科图分类: | ||
| 主题词: | 电子技术--dian zi ji shu--高等学校--教材 , 模拟电路--mo ni dian lu--电子技术--高等学校--教材 , 电子技术--dian zi ji shu , 模拟电路--mo ni dian lu | |
| 电子资源: | ||
| ISBN: | 978-7-04-038480-2 | |
| 000 | 01257nam0 2200313 450 | |
| 001 | 0106081755 | |
| 005 | 20201109083409.74 | |
| 010 | @a978-7-04-038480-2@dCNY64.30 | |
| 100 | @a20140727e20192013em y0chiy50 ea | |
| 101 | 0 | @achi |
| 102 | @aCN@b110000 | |
| 105 | @ay z 001yy | |
| 106 | @ar | |
| 200 | 1 | @a电子技术基础@Adian zi ji shu ji chu@i模拟部分@f康华光主编@g华中科技大学电子技术课程组编 |
| 205 | @a6版 | |
| 210 | @a北京@c高等教育出版社@d2013.12@h2019.12 | |
| 215 | @a576页@d26cm | |
| 300 | @a“十二五”普通高等教育本科国家级规划教材面向21世纪课程教材 | |
| 330 | @a本书共11章,分别是:绪论、运算放大器、二极管及其基本电路、双极结型三极管及放大电路基础、场效应管放大电路、模拟集成电路、反馈放大电路、功率放大电路、信号处理与信号产生电路、电子电路的计算机辅助分析与设计等。 | |
| 606 | 0 | @a电子技术@Adian zi ji shu@x高等学校@j教材 |
| 606 | 0 | @a模拟电路@Amo ni dian lu@x电子技术@x高等学校@j教材 |
| 606 | 0 | @a电子技术@Adian zi ji shu |
| 606 | 0 | @a模拟电路@Amo ni dian lu |
| 690 | @aTN@v5 | |
| 690 | @aTN710.4@v5 | |
| 701 | 0 | @a康华光@Akang hua guang@4主编@f(1925~) |
| 712 | 02 | @a华中科技大学电子技术课程组@Ahua zhong ke ji da xue dian zi ji shu ke cheng zu@4编 |
| 801 | 0 | @aCN@bBJSZM@c20201106 |
| 905 | @b1191144-7@dTN@e912=6@f4 | |
| 电子技术基础.模拟部分/康华光主编/华中科技大学电子技术课程组编.-6版.-北京:高等教育出版社,2013.12(2019.12) |
| 576页;26cm |
| “十二五”普通高等教育本科国家级规划教材面向21世纪课程教材 |
| ISBN 978-7-04-038480-2:CNY64.30 |
| 本书共11章,分别是:绪论、运算放大器、二极管及其基本电路、双极结型三极管及放大电路基础、场效应管放大电路、模拟集成电路、反馈放大电路、功率放大电路、信号处理与信号产生电路、电子电路的计算机辅助分析与设计等。 |
| ● |
| 相关链接 |
|
|
|
|
正题名:电子技术基础
索取号:TN/912=6
 
预约/预借
| 序号 | 登录号 | 条形码 | 馆藏地/架位号 | 状态 | 备注 |
| 1 | 1191144 | 211911449 | 第二样本阅览室/ [索取号:TN/912=6] | 在馆 | |
| 2 | 1191145 | 211911458 | 第三借阅区/ [索取号:TN/912=6] | 在馆 | |
| 3 | 1191146 | 211911467 | 第三借阅区/ [索取号:TN/912=6] | 在馆 | |
| 4 | 1191147 | 211911476 | 第三借阅区/ [索取号:TN/912=6] | 在馆 |